MAASAI MARA UNIVERSITY

LIBRARY CATALOGUE

Contact Us: +254 020 2685356/7 or 0774 057787

Box: 861-20500, NAROK, KENYA

Email: info@mmarau.ac.ke

_Up Islands Anne Rivers Siddons (Record no. 12848)

MARC details
000 -LEADER
fixed length control field 00360nam a2200133Ia 4500
008 - FIXED-LENGTH DATA ELEMENTS--GENERAL INFORMATION
fixed length control field 151021s9999 xx 000 0 und d
020 ## - INTERNATIONAL STANDARD BOOK NUMBER
International Standard Book Number 006109921x
050 ## - LIBRARY OF CONGRESS CALL NUMBER
Classification number Ps 3569 .I28U9 1997
245 ## - TITLE STATEMENT
Title _Up Islands Anne Rivers Siddons
260 ## - PUBLICATION, DISTRIBUTION, ETC. (IMPRINT)
Place of publication, distribution, etc. New York Harper Paperbacks 1997
300 ## - PHYSICAL DESCRIPTION
Extent 499p.
650 ## - SUBJECT ADDED ENTRY--TOPICAL TERM
Topical term or geographic name as entry element _novel
980 ## - EQUIVALENCE OR CROSS-REFERENCE-SERIES STATEMENT--PERSONAL NAME/TITLE [LOCAL, CANADA]
Personal name ^d20130208 11:24:14^oanne

No items available.

© 2016 Maasai Mara University.